MARC details
| 000 -LEADER |
| fixed length control field |
00599cam a2200181 4500 |
| 001 - CONTROL NUMBER |
| control field |
WS121381 |
| 008 - FIXED-LENGTH DATA ELEMENTS--GENERAL INFORMATION |
| fixed length control field |
030218n 000 0 eng u |
| 035 ## - SYSTEM CONTROL NUMBER |
| System control number |
(Sirsi) u121381 |
| 245 ## - TITLE STATEMENT |
| Title |
Bridging the Gap |
| 520 ## - SUMMARY, ETC. |
| Summary, etc. |
Web site sponsored by RICS and the Office of the Deputy Prime Minister designed to provide information on European state aid. |
| 650 ## - SUBJECT ADDED ENTRY--TOPICAL TERM |
| Topical term or geographic name entry element |
LOANS |
| 650 ## - SUBJECT ADDED ENTRY--TOPICAL TERM |
| Topical term or geographic name entry element |
TAX INCENTIVES |
| 650 ## - SUBJECT ADDED ENTRY--TOPICAL TERM |
| Topical term or geographic name entry element |
STATE AID |
| 650 ## - SUBJECT ADDED ENTRY--TOPICAL TERM |
| Topical term or geographic name entry element |
REGENERATION |
| 690 ## - LOCAL SUBJECT ADDED ENTRY--TOPICAL TERM (OCLC, RLIN) |
| Topical term or geographic name as entry element |
EUROPE |
| 856 40 - ELECTRONIC LOCATION AND ACCESS |
| Uniform Resource Identifier |
<a href="https://www.bridgingthegap.uk.com">https://www.bridgingthegap.uk.com</a> |
| Public note |
View the website free of charge at www.bridging thegap.uk.com... |
| 942 ## - ADDED ENTRY ELEMENTS (KOHA) |
| Suppress in OPAC |
0 |